2018 NHL First Round Draft Selections - Statistics

General Stats
  • This quiz has been taken 19 times
  • The average score is 17 of 31
Answer Stats
Pick Name Team Position % Correct
2 Andrei Svechnikov CAR RW
100%
1 Rasmus Dahlin BUF D
100%
4 Brady Tkachuk OTT LW
83%
10 Evan Bouchard EDM D
83%
3 Jesperi Kotkaniemi MTL C
83%
7 Quinn Hughes VAN D
83%
8 Adam Boqvist CHI D
67%
5 Barrett Hayton ARI C
67%
6 Filip Zadina DET RW
67%
22 K'Andre Miller NYR D
67%
12 Noah Dobson NYI D
67%
13 Ty Dellandrea DAL C
67%
9 Vitali Kravtsov NYR RW
67%
31 Alex Alexeyev WSH D
50%
14 Joel Farabee PHI LW
50%
30 Joseph Veleno DET C
50%
27 Nicolas Beaudin CHI D
50%
11 Oliver Wahlstrom NYI RW
50%
29 Rasmus Sandin TOR D
50%
21 Ryan Merkley SJS D
50%
17 Ty Smith NJD D
50%
25 Dominik Bokk STL RW
33%
15 Grigori Denisenko FLA LW
33%
23 Isac Lundestrom ANA C
33%
26 Jacob Bernard-Docker OTT D
33%
19 Jay O'Brien PHI C
33%
16 Martin Kaut COL RW
33%
20 Rasmus Kupari LAK C
33%
24 Filip Johansson MIN D
17%
18 Liam Foudy CBJ C
17%
28 Nils Lundkvist NYR D
17%
No matching quizzes found
Score Distribution
Percent of People with Each Score
Percentile by Number Answered
Your Score History
You have not taken this quiz